MDQL
is popping MORE tags! Check the
thread
!
Quizzes
Events
Quiz Creation
Community
Videos
Private Events
Remove Ads
Sign In
Join for FREE
Feedback
Dark Mode
Quiz Categories
Sports
Geography
Music
Movies
Television
Just For Fun
Miscellaneous
History
Literature
Language
Science
Gaming
Entertainment
Religion
Holiday
For Kids
Quiz Lab
Recent
Popular Today
Quiz Kudos Today
Editor Picks
Curator Picks
Quizzes by...
Day
Popularity
Type
Ratings
Length
Year
Community
Subscriptions
Recent Discussions
Orange Saloon
Badges
Playlists
Quests
Create
Leaderboards
Showdown
Live 5
Trivia Bingo
Activity
Puzzle Library
Sporcle Events
Private Events
Virtual Trivia
Globe League
Become a Host
Pub Owners
SporcleCon
Opinionation
Our Games
Videos
Blog
Mobile Apps
Partnerships
Remove Ads and Go Orange
Feedback
Television
TV Characters
TV Show
Sitcom
Network
Friends
Reality Shows
Cast
South Park
Star Trek
The Simpsons
Doctor Who
Television
TV Characters
TV Show
Sitcom
Network
Friends
Reality Shows
Cast
South Park
Star Trek
The Simpsons
Doctor Who
Random Quiz
Search Sporcle
×
Quiz Lab
Quiz Lab
Television
alias
Type in answers that appear in a list
Type in answers that appear in a list
Classic
Best Score? Go Orange.
Alias Locations Stats
Can you name the Locations of the Alias TV Show
By
tsten
12m
141 Questions
40 Plays
40 Plays
40 Plays
Comments
Comments
Give Quiz Kudos
Give Quiz Kudos
-
- Ratings
hide this ad
More Info
Replay
Link that replays current quiz
Next Quiz
Link to next quiz in quiz playlist
You Got
0%
They Got
Avg Score
25%
Avg Friend Score
Upgrade to see
Score Distribution
Jump to the score distribution portion of the page
Score
0/141
Timer
12:00
0
Plays Today
Times Seen
City/Country/State
% Correct
48
Los Angeles
95%
9
Paris
85%
8
London
82.5%
8
Moscow
72.5%
7
Rome
65%
6
Berlin
62.5%
2
Mexico
60%
2
Washington DC
55%
1
Sydney
55%
3
Hong Kong
52.5%
2
Madrid
52.5%
1
Beijing
50%
1
Venice
47.5%
6
Prague
45%
2
Buenos Aires
45%
1
Helsinki
45%
1
Las Vegas
45%
1
Taipei
45%
1
Tokyo
45%
6
Zurich
42.5%
3
Vienna
40%
2
San Francisco
40%
1
Cairo
40%
1
Stockholm
40%
6
Mexico City
37.5%
2
Argentina
37.5%
2
Siberia
37.5%
1
Barcelona
37.5%
1
Budapest
37.5%
2
Cape Town
35%
1
Seattle
35%
3
Amsterdam
32.5%
3
Brussels
32.5%
3
Havana
32.5%
3
Lisbon
32.5%
2
Bangkok
32.5%
2
Sao Paulo
32.5%
1
Dubai
32.5%
1
San Diego
32.5%
1
Santa Barbara
32.5%
1
Shanghai
32.5%
1
Virginia
32.5%
2
Athens
30%
2
Geneva
30%
2
Milan
30%
1
Bombay
30%
1
Bucharest
30%
Times Seen
City/Country/State
% Correct
1
Nice
30%
1
Rio de Janeiro
30%
1
Spain
30%
3
Monte Carlo
27.5%
2
Malaga
27.5%
2
Munich
27.5%
2
Nepal
27.5%
1
Johannesburg
27.5%
1
New Delhi
27.5%
2
Marseilles
25%
2
Vancouver
25%
1
Bahamas
25%
1
Florence
25%
1
Panama
25%
1
Poland
25%
1
Romania
25%
1
Warsaw
25%
1
Wisconsin
25%
2
Denpasar
22.5%
2
Minsk
22.5%
2
Tuscany
22.5%
1
Hungary
22.5%
1
Mongolia
22.5%
1
Montreal
22.5%
1
Over the Atlantic
22.5%
1
Rabat
22.5%
1
Santiago
22.5%
1
Sicily
22.5%
1
Sri Lanka
22.5%
1
Stuttgart
22.5%
2
Madagascar
20%
1
Badenweiler
20%
1
Estonia
20%
1
Hamburg
20%
1
Kenya
20%
1
Mount Subasio
20%
1
Osaka
20%
1
Philippines
20%
2
Kandahar
17.5%
1
Frankfurt
17.5%
1
Omsk
17.5%
1
Panama City
17.5%
1
Switzerland
17.5%
1
Tunisia
17.5%
1
Belfast
15%
1
Bogota
15%
1
Cap Ferrat
15%
Times Seen
City/Country/State
% Correct
1
Chamonix
15%
1
Chechnya
15%
1
Crete
15%
1
Ghana
15%
1
Ho Chi Minh City
15%
1
Irkutsk
15%
1
Nassau
15%
1
Sea of Japan
15%
1
Sofia
15%
1
South China Sea
15%
1
Arkhangelsk
12.5%
1
Graz
12.5%
1
Montenegro
12.5%
1
Nevada
12.5%
1
Sevilla
12.5%
1
Srinigar
12.5%
1
Uzbekistan
12.5%
1
Yorkshire
12.5%
1
Algiers
10%
1
Belarus
10%
1
Cartagena
10%
1
Cannes
10%
1
Oxford
10%
1
Pamplona
10%
1
Bhutan
7.5%
1
Cayo Concha
7.5%
1
Darmstadt
7.5%
1
Gai-Li
7.5%
1
Guadalajara
7.5%
1
Mackay
7.5%
1
Mojave
7.5%
1
New Haven
7.5%
1
Paldiski
7.5%
1
Patagonia
7.5%
1
Positano
7.5%
1
Tikal
7.5%
1
Angola
5%
1
Black Sea
5%
1
Gabarone
5%
1
Ibiza
5%
1
Japur
5%
1
Nogales
5%
1
Novgorod
5%
1
Palermo
5%
1
Port of Barcelona
5%
1
Thar Desert
5%
1
Wittenberg
5%
Quiz Playlist
Details
Report
Send in Message
Add To Playlist
More Info:
These are only the "push through" locations whose names appeared on the screen during the series.
Classic:
Type in answers that appear in a list
Last Updated: Feb 16, 2017
Quiz Scoreboard
CHALLENGE
Sign Up to Join the Scoreboard
Show All
Scores
Hide
Comments
May contain spoilers
Recently Published
5x2 Blitz: Bands
by SL_Kpop136
Music
30s
Colored Red Africa Blitz
by spor1
Geography
30s
Find the 'City' Movie
by crazypaving
Movies
60s
More to Explore
Quiz From the Vault
Featured Blog Post
14 Easter Pick-up Lines to Find Eggs With
hide this ad
You Might Also Like...
Tags
ABC Evening
alias
location
Today's Top Quizzes in Television
Browse Television
hide this ad
Today's Top Quizzes in alias
Browse alias
Top Contributed Quizzes in Television
1
Survivor Journey Challenge
2
Brooklyn Nine Nine Logic Puzzle (How-To-Play)
3
Total Drama Characters
4
Phoebe Buffay Quotes
5
Survivor Trivia
6
Survivor Logic Puzzle: Heroes vs. Villains
7
Emmerdale Characters (from August 2012)
8
One Tree Hill Logic Puzzle
9
Adjectives in 00s TV Shows
10
All US Survivor Seasons in Order
Explore More
Trending Topics
Marvel
Harry Potter
Anime
Kpop
Disney
NBA
Crossword
Song
WWE
The Office
NFL
Pokémon
Puzzle
Country
Soccer
hide this ad
More By:
tsten
Quiz
Plays
Rating
Category
Featured
Created
Every #1 Team in NCAA Basketball History
759
5.00
Sports
Mar 4, 2013
NCAA Tournament wins since 1985
585
4.20
Sports
Jul 26, 2012
LeBron James' NBA Finals Teammates
555
5.00
Sports
Jun 13, 2013
NBA Missed Free Throws
459
4.80
Sports
Apr 26, 2013
NBA Players with 21+ Assists
442
4.60
Sports
Jan 12, 2013
Go to Creator's Profile
Score Distribution
Quiz Creator Spotlight
tsten
Follow
Send a Message
Quizzes Created
-
Created Quiz Play Count
-
More By This Creator
Popular Quizzes Today
1
Colored Red Africa Blitz
2
Find the US States - No Outlines Minefield
3
Find the 'City' Movie
4
5x2 Blitz: Bands
5
The Countries of the World
6
Find the US States
7
US States
8
Find the Countries of Europe - No Outlines Minefield
More Television Quizzes
Family Guy Word Ladder
Quiz Lab
Trending Quizzes
Colored Red Europe Blitz I
Colored Red Europe Blitz II
Colored Red Africa Blitz II
Colored Red Europe Blitz III
Colored Red Africa Blitz III
Recently Updated
How Do You Spell That?
pecheneg
Godzilla Movies
pecheneg
Grab Bag: 4-10 Letters
pecheneg
2024 March Madness Bracket
pecheneg
Famous TV Couples
Peacemaker
Champions League XIs: Real Madrid
pecheneg
Largest US Cities 1790-2010
pecheneg
Rides in Walt Disney World
pecheneg
Most Oscar Losses (Acting)
pecheneg
Beyoncé Albums
pecheneg
Trending Topics
NBA
Kpop
Disney
Harry Potter
Anime
Marvel
Crossword
WWE
Song
Soccer
The Office
Pokémon
NFL
Country
Puzzle
Your Account Isn't Verified!
In order to create a playlist on Sporcle, you need to verify the email address you used during registration. Go to your
Sporcle Settings
to finish the process.
Report this User
Report this user for behavior that violates our
Community Guidelines
.
Details:
Send Report
Go to the Sporcle.com Mobile Site →
Comments